00531nam a2200193 a 4500001001300000003000900013005001700022008004100039020002300080082001600103100002600119245003900145260004200184300000900226500003500235505002000270650002100290700002600311nice12345678IN_TiNIC20260116012730.0050524s1990 dela grp 000 0 eng  a8170243 c20000a297.7bKHA6 aKhan Mohammad, Sharif aEducation Religion and Modern Age. aDelhibAshish Publishing House c1990 a185p aincludes index and biblioraphy2 aIndex, Appendex aEducation-Muslim1 aKhan Mohammad, Sharif